000 00588nam a2200229Ia 4500
003 OSt
005 20221007074804.0
006 a|||||r|||| 00| 0
007 ta
008 221006b |||||||| |||| 00| 0 eng d
024 _a14,235
037 _cTextual
040 _aFLL
_cFLL
_beng
041 _2eng
_aeng
082 _aW691, K8
100 _aKase F.J. Au.
_9693137
245 0 _aPeople's democracy
260 _aNetherland
_bA.W. sijthoff Netherland
_c1968
300 _a223p
_ccm.
942 _hW691, K8
_cTEXL
_2CC
999 _c1153671
_d1153671